000
00235nam a2200097Ia 4500
005
20251222175818.0
008
251222s9999||||xx |||||||||||||| ||spa||
082
_a
DVD0040/M19/2005
245
0
_a
El nuevo mundo:The New World
942
_c
DVD
999
_c
40384
_d
40384